Normal view
MARC view
- COMPOSITES MATERIALS CONGRESSES SURFACE CHEMITSRY CONGRESSES
Entry Topical Term
001 - CONTROL NUMBER
- control field: 67218
003 - CONTROL NUMBER IDENTIFIER
- control field: NUST
005 - DATE AND TIME OF LATEST TRANSACTION
- control field: 20210628203753.0
008 - FIXED-LENGTH DATA ELEMENTS
- fixed length control field: 210628|| aca||aabn | a|a d
040 ## - CATALOGING SOURCE
- Original cataloging agency: NUST
- Transcribing agency: NUST
150 ## - HEADING--TOPICAL TERM
- Topical term or geographic name entry element: COMPOSITES MATERIALS CONGRESSES SURFACE CHEMITSRY CONGRESSES
670 ## - SOURCE DATA FOUND
- Source citation: Work cat.: (NUST): JONES, F. R 67217, INTERFACIAL PHENOMENA IN COMPOSITE MATERIALS 89, 1989
